Sports Quiz

Random Sports or NHL Quiz

NHL Clickable Quiz Stats

Quiz not verified by Sporcle

Challenge
Share
Tweet
Embed
Score 0/30 Timer 05:00
0 Plays Today
% Correct
Anaheim
83.5%
Boston
78.5%
Toronto
78.5%
Pittsburgh
77.7%
New York (I)
76.9%
Detroit
76.9%
Edmonton
76.9%
Washington
76.9%
Chicago
76%
Minnesota
76%
Los Angeles
76%
New York (R)
75.2%
Philadelphia
75.2%
Calgary
75.2%
Buffalo
75.2%
% Correct
New Jersey
74.4%
Vancouver
74.4%
Montreal
74.4%
Dallas
74.4%
San Jose
73.6%
Tampa Bay
73.6%
Colorado
72.7%
Winnipeg
72.7%
Columbus
71.9%
St. Louis
71.9%
Carolina
71.9%
Phoenix
71.1%
Nashville
70.2%
Ottawa
70.2%
Florida
70.2%

You're not logged in!

Compare scores with friends on all Sporcle quizzes.
Sign Up with Email
OR
Log In

You Might Also Like...

Show Comments

Extras

Top Quizzes Today


Score Distribution

Your Account Isn't Verified!

In order to create a playlist on Sporcle, you need to verify the email address you used during registration. Go to your Sporcle Settings to finish the process.